书目信息 |
| 题名: |
赵敦华讲波普尔
|
|
| 作者: | 赵敦华 著 | |
| 分册: | ||
| 出版信息: | 北京 北京大学出版社 2006.01 |
|
| 页数: | 145页, [7] 页图版 | |
| 开本: | 21cm | |
| 丛书名: | 未名讲坛 | |
| 单 册: | ||
| 中图分类: | B561.59 | |
| 科图分类: | ||
| 主题词: | 哲学家--zhe xue jia--思想评论--英国--现代 | |
| 电子资源: | ||
| ISBN: | 7-301-10398-0 | |
| 000 | 00904nam 2200253 450 | |
| 001 | 012007718745 | |
| 005 | 20070928105433.00 | |
| 010 | @a7-301-10398-0@dCNY16.00 | |
| 100 | @a20070724d2006 km y0chiy0120 ea | |
| 101 | 0 | @achi |
| 102 | @aCN@b110000 | |
| 105 | @aacf z 000yy | |
| 200 | 1 | @a赵敦华讲波普尔@Azhao dun hua jiang bo pu er@f赵敦华著@Fzhao dun hua zhu |
| 210 | @a北京@c北京大学出版社@d2006.01 | |
| 215 | @a145页, [7] 页图版@c图, 肖像@d21cm | |
| 225 | 2 | @a未名讲坛@Awei ming jiang tan@h第二辑 |
| 330 | @a本书的重点是谈作者对波普尔的看法,主要包括对波普尔思想的理解和对波普尔思想的评论和批评两部分。 | |
| 410 | 0 | @12001 @a未名讲坛 |
| 600 | 1 | @a波普尔@Abo pu er@c(Popper, Karl Raimund),@f1902-1994@x哲学思想@x思想评论 |
| 606 | 0 | @a哲学家@Azhe xue jia@x思想评论@y英国@z现代 |
| 690 | @aB561.59@v4 | |
| 701 | 0 | @a赵敦华@Azhao dun hua@4著 |
| 801 | 0 | @aCN@c20070928 |
| 905 | @dB561.59@eZ292 | |
| 赵敦华讲波普尔/赵敦华著.-北京:北京大学出版社,2006.01 |
| 145页, [7] 页图版:图, 肖像;21cm.-(未名讲坛.第二辑) |
| ISBN 7-301-10398-0:CNY16.00 |
| 本书的重点是谈作者对波普尔的看法,主要包括对波普尔思想的理解和对波普尔思想的评论和批评两部分。 |
| ● |
| 相关链接 |
|
|
|
正题名:赵敦华讲波普尔
索取号:B561.59/Z292
 
预约/预借
| 序号 | 登录号 | 条形码 | 馆藏地/架位号 | 状态 | 备注 |
| 1 | 246949 | 202469499 | 社科库509/509社科库 18排3列5层/ [索取号:B561.59/Z292] | 在馆 |